Países con solo una frontera terrestre - Estadísticas

Estadísticas generales
  • Esta prueba ha sido intentada 42 veces
    21 desde el último reinicio
  • La puntuación promedio es 14 de 16
Estadísticas de respuestas
Limita solo con País % Correcto
Italia Ciudad del Vaticano
100%
Corea del Norte Corea del Sur
100%
Reino Unido Irlanda
100%
España Portugal
100%
Italia San Marino
100%
Arabia Saudí Catar
95%
República Dominicana Haití
90%
Sudáfrica Lesoto
90%
Malasia Brunéi
85%
Senegal Gambia
85%
Francia Mónaco
85%
Haití República Dominicana
85%
Malasi Singapur
85%
Indonesia Papúa Nueva Guinea
80%
Indonesia Timor Oriental
75%
Reino Unido Chipre
40%
No se encontraron pruebas coincidentes
Distribución de puntuación
Porcentaje de gente con cada puntuación
Porcentaje por número respondido
Historial de tus puntuaciones
No has intentado esta prueba desde el último reinicio